00684nam a2200157Ia 4500008004100000041001200041082002600053100005100079245011200130260002600242300001800268650007200286942000700358999001900365952014200384231217s9999 xx 000 0 und d aEnglish a333.70954 COU.6;1 R aCouncil of Scientific and Industrial Research. 4aThe Wealth of India : a dictionary of Indian raw materials and industrial products, Raw materials Vol.6 L-M c1962bCSIRaNew Delhi axxxi, 483+xiv aWealth,India;,India,raw,materials,products,,Raw,materials,Vol.1,A-B cAA c198080d198080 r2024-01-26 00:00:00l0o333.70954 COU.6;1 Rp91562w2024-01-26yAAzVMSRF1040708CL00aMLbMLcCLd2017-10-13EDONATEDGRSF1V0W0